Structural equation modeling : (Record no. 8604)

MARC details
000 -LEADER
fixed length control field 01282cam a2200325 a 4500
001 - CONTROL NUMBER
control field 15266315
003 - CONTROL NUMBER IDENTIFIER
control field OSt
005 - DATE AND TIME OF LATEST TRANSACTION
control field 20240618111344.0
008 - FIXED-LENGTH DATA ELEMENTS--GENERAL INFORMATION
fixed length control field 080418s2009 caua b 001 0 eng
010 ## - LIBRARY OF CONGRESS CONTROL NUMBER
LC control number 2008017670
020 ## - INTERNATIONAL STANDARD BOOK NUMBER
International Standard Book Number 9781412916240 (cloth)
020 ## - INTERNATIONAL STANDARD BOOK NUMBER
International Standard Book Number 1412916240 (cloth)
035 ## - SYSTEM CONTROL NUMBER
System control number (OCoLC)ocn225852466
035 ## - SYSTEM CONTROL NUMBER
System control number (OCoLC)225852466
Canceled/invalid control number (OCoLC)191924843
040 ## - CATALOGING SOURCE
Original cataloging agency DLC
Transcribing agency MUST
Modifying agency BAKER
-- BTCTA
-- YDXCP
-- C#P
-- BWX
-- CDX
-- DLC
082 00 - DEWEY DECIMAL CLASSIFICATION NUMBER
Classification number 511.3 KAP 2009
100 1# - MAIN ENTRY--PERSONAL NAME
Personal name Kaplan, David,
Dates associated with a name 1955-
9 (RLIN) 17431
245 10 - TITLE STATEMENT
Title Structural equation modeling :
Remainder of title foundations and extensions /
Statement of responsibility, etc. David Kaplan.
250 ## - EDITION STATEMENT
Edition statement 2nd ed.
260 ## - PUBLICATION, DISTRIBUTION, ETC. (IMPRINT)
Place of publication, distribution, etc. Los Angeles :
Name of publisher, distributor, etc. SAGE,
Date of publication, distribution, etc. 2009.
300 ## - PHYSICAL DESCRIPTION
Extent xi, 255 p. :
Other physical details ill. ;
Dimensions 24 cm.
440 #0 - SERIES STATEMENT/ADDED ENTRY--TITLE
Title Advanced quantitative techniques in the social sciences ;
Volume/sequential designation 10
9 (RLIN) 17432
504 ## - BIBLIOGRAPHY, ETC. NOTE
Bibliography, etc Includes bibliographical references (p. 232-244) and index.
650 #0 - SUBJECT ADDED ENTRY--TOPICAL TERM
Topical term or geographic name as entry element Social sciences
General subdivision Mathematical models.
9 (RLIN) 17434
650 #0 - SUBJECT ADDED ENTRY--TOPICAL TERM
Topical term or geographic name as entry element Social sciences
General subdivision Statistical methods.
9 (RLIN) 1219
856 41 - ELECTRONIC LOCATION AND ACCESS
Materials specified Table of contents only
Uniform Resource Identifier http://www.loc.gov/catdir/toc/ecip0816/2008017670.html
906 ## - LOCAL DATA ELEMENT F, LDF (RLIN)
a 7
b cbc
c orignew
d 1
e ecip
f 20
g y-gencatlg
942 ## - ADDED ENTRY ELEMENTS (KOHA)
Source of classification or shelving scheme Dewey Decimal Classification
Koha item type Open Shelf
Holdings
Withdrawn status Lost status Source of classification or shelving scheme Damaged status Not for loan Home library Current library Date acquired Source of acquisition Inventory number Total Checkouts Full call number Barcode Date last seen Price effective from Koha item type
    Dewey Decimal Classification     MUST Main Library MUST Main Library 18/06/2024 Donation 2012/35681   511.3 KAP 2009 2024-20747 18/06/2024 18/06/2024 Open Shelf